Dying Light 2 Characters - Statistics

General Stats
  • This quiz has been taken 151 times
    150 since last reset
  • The average score is 10 of 21
Answer Stats
Hint Answer % Correct
The main protagonist of the game, an infected survivor looking for a cure. He is a member of a traveling group of people known as the Pilgrims and is on a personal quest to find his sister, who is the key to the past he cannot remember and who he truly is. Aiden
96%
Aiden's missing sister who he is searching for in the City. Mia
88%
The leader of the Nightrunners and a mentor to Lawan, He is now constantly drunk in the Fish Eye Canteen. Frank
83%
A woman who looks up to Frank as a father figure, and allies with Aiden on her quest for revenge. Lawan
77%
Was a scientist working with the Global Relief Effort (GRE). He later married an unknown woman and had a child named Mia. Waltz
77%
A former member of the Nightrunners, a legendary group who used to help people and even brave the dangers of the night in order to do so. Hakon
72%
She is one of the characters who appears in Dying Light 2 Stay Human and she is the leader of the Bazaar after Carl. She has a brother name Barney and has a bodyguard name Hermann. Sophie
70%
He is the brother of Sophie and is one of the survivors and the Bazaar residents. Barney
54%
Appears first in the introduction as fellow Pilgrim and friend of the main character, Aiden Caldwell. By 2036, it had been approximately two years since the two had last seen each other, with him expressing that it was incredible how long Aiden had survived as a Pilgrim. Spike
52%
He is one of the characters who appears at the The Bazaar in Dying Light 2 Stay Human and passed away after the Peace Keepers ambushed him when blowing up the PK's windmill. Alberto
48%
He is a major character in Dying Light 2 Stay Human. A Peacekeeper officer commanding the forces in Old Villedor, He is trying to defuse an explosive situation involving the murder of the previous commander, Lucas. Aitor
42%
The leader of the Peacekeepers who believes only he can bring order to the City. Jack Matt
35%
They are a powerful faction or group featured in Dying Light 2 Stay Human. A loosely organized bandit collective, they steal all they can and destroy anything or anyone else that gets in their way. Renegades
35%
He is one of the characters who appears at The Bazaar in Dying Light 2 Stay Human and he is the son of Alberto Vincenzo
34%
They are an influential and powerful faction in Dying Light 2 Stay Human, they stand locked in a tense "Cold War" with their main rival, the Survivors and constantly battle the Renegades. Peace Keepers/ PK's
32%
He is a Peace Keeper Lieutenant and was killed by a bomber at the VNC tower. Rowe
26%
She is part of IGN’s Dying Light 2: Stay Human Walkthrough. In this Main Quest, Aiden will access the GRE database with the help of her, a former GRE doctor. Veronika
25%
A Peacekeeper supplier, and a possible friend of Aiden depending on the choices made. Juan
23%
He was chased, captured, and tortured by the Renegades upon the orders of Waltz. He subsequently died sacrificing himself to protect Aiden and provide time for Aiden to escape. He was a deceased defector who tried to escape from Waltz. Aiden first contacted him over the radio to arrange a meeting at the metro systems to gain news on Mia. Dylan
22%
The domineering leader of a group of ex-prisoners known as the Renegades. Colonel/ Chris Williams
14%
He is a bartender at the Fish Eye Canteen. Nicholas
10%
No matching quizzes found
Score Distribution
Percent of People with Each Score
Percentile by Number Answered
Your Score History
You have not taken this quiz since the last reset